[Event "Hilton Open 2010"]
[Site "Basel"]
[Date "2010.01.??"]
[Round "?"]
[White "Weidt, Frank"]
[Black "Mueller, Louis"]
[Result "1-0"]
[WhiteElo "2062"]
[BlackElo "1734"]
[PlyCount "87"]
[SourceDate "2009.12.28"]

1. c4 f5 2. Nc3 Nf6 3. Nf3 g6 4. b3 Bg7 5. Bb2 Ne4 6. Qc2 Nxc3 7. Bxc3 Bxc3 8.
Qxc3 O-O 9. h4 e6 10. h5 Qf6 11. hxg6 hxg6 12. d4 c5 13. e3 Nc6 14. O-O-O d6
15. Be2 Rf7 16. Kb2 cxd4 17. exd4 e5 18. dxe5 dxe5 19. Rd5 e4 20. Nd4 Nxd4 21.
Qxd4 Qxd4+ 22. Rxd4 Rd7 23. Rhd1 Rxd4 24. Rxd4 Be6 25. f3 e3 26. f4 Re8 27. Kc1
b6 28. Kd1 Re7 29. Ke1 Kf7 30. Bf3 Kf6 31. Ke2 g5 32. g3 gxf4 33. gxf4 Bc8 34.
Rd6+ Re6 35. Rxe6+ Kxe6 36. Kxe3 Kd6 37. Kd4 a5 38. a3 Bd7 39. Bd5 b5 40. c5+
Kc7 41. b4 axb4 42. axb4 Kd8 43. Ke5 Ke7 44. Bb3 1-0

[Event "Hilton Open 2010"]
[Site "Basel"]
[Date "2010.01.??"]
[Round "?"]
[White "Lumsdon, Andrew"]
[Black "Milliet, Sophie"]
[Result "0-1"]
[WhiteElo "2057"]
[BlackElo "2390"]
[PlyCount "76"]
[EventDate "2010.01.02"]
[SourceDate "2009.12.28"]

1. d4 Nf6 2. Nf3 c5 3. dxc5 Qa5+ 4. Nbd2 e6 5. e3 Bxc5 6. Bd3 Qc7 7. a3 b6 8.
b4 Be7 9. Bb2 Bb7 10. c4 d6 11. O-O Nbd7 12. Qc2 Rc8 13. Rac1 Qb8 14. Qb1 Qa8
15. e4 e5 16. Nh4 g6 17. f4 Nh5 18. fxe5 dxe5 19. Nhf3 Qb8 20. g3 O-O 21. Rf2
Ng7 22. Nf1 Ne6 23. Ne3 Ng5 24. Kg2 a5 25. Bc3 axb4 26. axb4 Nxf3 27. Rxf3 Bg5
28. Rcf1 Qa8 29. Ng4 f5 30. Nxe5 Nxe5 31. Bxe5 Rfe8 32. Qb2 fxe4 33. Rf7 exd3+
34. Kh3 Bh6 35. Bg7 Bg2+ 36. Kh4 Qe4+ 37. R1f4 Bxf4 38. Rxf4 g5+ 0-1

[Event "Hilton Open 2010"]
[Site "Basel"]
[Date "2010.01.??"]
[Round "?"]
[White "Lumsdon, Andrew"]
[Black "Matovic, Daniel"]
[Result "1-0"]
[WhiteElo "2057"]
[BlackElo "2017"]
[PlyCount "45"]
[SourceDate "2009.12.28"]

1. d4 e6 2. Nf3 Nf6 3. e3 d5 4. a3 c5 5. dxc5 Bxc5 6. b4 Be7 7. Bb2 O-O 8. Nbd2
b6 9. c4 Bb7 10. Be2 Nbd7 11. O-O Rc8 12. Rc1 Rc7 13. Nd4 Qa8 14. N2f3 Rd8 15.
Qb3 Nf8 16. Nb5 Rcc8 17. Be5 Rd7 18. cxd5 Bxd5 19. Qb2 Ng6 20. Nc7 Qb8 21. Nxd5
Nxe5 22. Nxe7+ Rxe7 23. Qxe5 1-0

[Event "Hilton Open 2010"]
[Site "Basel"]
[Date "2010.01.??"]
[Round "?"]
[White "Perman, Torvald"]
[Black "Staechelin, Ruedi"]
[Result "1/2-1/2"]
[WhiteElo "2055"]
[BlackElo "2132"]
[PlyCount "26"]
[SourceDate "2009.12.28"]

1. c4 c6 2. g3 d5 3. Nf3 Nf6 4. Bg2 g6 5. cxd5 cxd5 6. d4 Bg7 7. Nc3 O-O 8. Ne5
e6 9. O-O Nbd7 10. Nxd7 Bxd7 11. Bg5 h6 12. Bxf6 Qxf6 13. e3 Rfc8 1/2-1/2

[Event "Hilton Open 2010"]
[Site "Basel"]
[Date "2010.01.??"]
[Round "?"]
[White "Speck, Hans"]
[Black "Habibi, Ali"]
[Result "0-1"]
[WhiteElo "2050"]
[BlackElo "2307"]
[PlyCount "90"]
[EventDate "2009.12.28"]
[SourceDate "2009.12.28"]

1. e4 c5 2. Nf3 g6 3. d4 Bg7 4. Nc3 cxd4 5. Nxd4 Nc6 6. Be3 Nf6 7. Be2 O-O 8.
O-O d6 9. f4 Qb6 10. Na4 Qb4 11. c3 Qa5 12. b4 Qc7 13. Bf3 Bd7 14. Rc1 Rfc8 15.
Nb2 a6 16. a4 e5 17. Nxc6 Bxc6 18. fxe5 dxe5 19. Qc2 b5 20. a5 Qb7 21. Nd3 Nxe4
22. Nc5 Nxc5 23. Bxc6 Rxc6 24. Bxc5 f5 25. Rcd1 Bf8 26. Qb3+ Qf7 27. Qxf7+ Kxf7
28. Rd7+ Kg8 29. Bxf8 Rxf8 30. Re7 e4 31. Rd1 Rf7 32. Re8+ Kg7 33. Ra8 f4 34.
Rd4 Re7 35. Kf1 Rxc3 36. Rxa6 Rc1+ 37. Ke2 Rc2+ 38. Ke1 Rxg2 39. Rad6 f3 40.
Rd7 Rxd7 41. Rxd7+ Kf6 42. Rd8 Rxh2 43. a6 Ra2 44. Ra8 Kg5 45. Re8 Kf4 0-1

[Event "Hilton Open 2010"]
[Site "Basel"]
[Date "2010.01.??"]
[Round "?"]
[White "Moser, Guido"]
[Black "Kamber, Adrian"]
[Result "1-0"]
[WhiteElo "2022"]
[BlackElo "2006"]
[PlyCount "79"]
[SourceDate "2009.12.28"]

1. d4 d5 2. Nf3 e6 3. e3 Nf6 4. Bd3 c5 5. c3 Bd6 6. Nbd2 Nbd7 7. O-O b6 8. e4
dxe4 9. Nxe4 Nxe4 10. Bxe4 Rb8 11. Qc2 Bb7 12. Re1 Nf6 13. Bxb7 Rxb7 14. Bg5 h6
15. Bxf6 Qxf6 16. Qe4 Rc7 17. d5 O-O 18. dxe6 Re7 19. exf7+ Rexf7 20. Qe6 g5
21. Qxf6 Rxf6 22. h3 c4 23. Rad1 Bc5 24. Rd5 Rf4 25. Rde5 R8f7 26. Rd1 g4 27.
hxg4 Rxg4 28. Kf1 Rfg7 29. g3 Rf7 30. Kg2 Rg6 31. Nd4 Rd6 32. f4 Rfd7 33. Re4
b5 34. Kf3 Bxd4 35. Rexd4 Rxd4 36. Rxd4 Rxd4 37. cxd4 b4 38. Ke3 h5 39. d5 Kf7
40. Kd4 1-0

[Event "Hilton Open 2010"]
[Site "Basel"]
[Date "2010.01.??"]
[Round "?"]
[White "Stucki, Kaspar"]
[Black "Melkumjanc, Nikolaj"]
[Result "1/2-1/2"]
[WhiteElo "2021"]
[BlackElo "2291"]
[PlyCount "161"]
[EventDate "2010.01.02"]
[SourceDate "2009.12.28"]

1. d4 Nf6 2. c4 e6 3. Nf3 d5 4. g3 c5 5. cxd5 exd5 6. Nc3 Nc6 7. Bg2 Be6 8. O-O
a6 9. e3 c4 10. Re1 Bb4 11. Bd2 Bxc3 12. bxc3 Ne4 13. Qc2 f5 14. Bc1 O-O 15.
Nd2 Qa5 16. Bb2 Rae8 17. f3 Nd6 18. e4 fxe4 19. fxe4 dxe4 20. Nxe4 Bf5 21. a4
Bxe4 22. Bxe4 Nxe4 23. Rxe4 Qf5 24. Re2 Qxc2 25. Rxc2 Rf3 26. Rf1 Ree3 27. Rxf3
Rxf3 28. Kg2 Rf5 29. Bc1 Na5 30. Rf2 Rd5 31. Ba3 g6 32. Rf8+ Kg7 33. Rc8 Kf6
34. Rc7 h5 35. Bb4 g5 36. h3 g4 37. hxg4 hxg4 38. Kf2 Nb3 39. Rxc4 Rf5+ 40. Ke2
Rf3 41. Bd6 Nc1+ 42. Kd2 Ke6 43. Bb8 Nb3+ 44. Kc2 Na5 45. Rc5 b6 46. Rg5 Rf2+
47. Kd3 Rf3+ 48. Ke4 Rxc3 49. Rg6+ Kd7 50. Rxb6 Nc6 51. Bf4 a5 52. Rb7+ Kd8 53.
d5 Rc4+ 54. Ke3 Nb4 55. d6 Rc5 56. Rg7 Rd5 57. Bg5+ Kc8 58. Rc7+ Kb8 59. Bf4
Na6 60. Ke4 Rd1 61. Rh7 Nc5+ 62. Kf5 Nd3 63. Be3 Nb4 64. d7 Kc7 65. Bf4+ Kc6
66. Ke6 Na6 67. Be3 Rd6+ 68. Kf5 Rxd7 69. Rh6+ Rd6 70. Rxd6+ Kxd6 71. Kxg4 Ke6
72. Bb6 Kd5 73. Kf5 Kc6 74. Bxa5 Nc5 75. g4 Nxa4 76. g5 Kd7 77. g6 Ke8 78. Bb4
Nb6 79. Ke6 Nc8 80. g7 Ne7 81. Bxe7 1/2-1/2

[Event "Hilton Open 2010"]
[Site "Basel"]
[Date "2010.01.??"]
[Round "?"]
[White "Stucki, Kaspar"]
[Black "Sommerhalder, Eric"]
[Result "1-0"]
[WhiteElo "2021"]
[BlackElo "1879"]
[PlyCount "75"]
[SourceDate "2009.12.28"]

1. e4 c5 2. Nf3 d6 3. d4 cxd4 4. Nxd4 Nf6 5. Nc3 g6 6. Be3 Bg7 7. Be2 Nc6 8.
O-O O-O 9. f4 d5 10. e5 Ne8 11. Bf3 Nc7 12. Nb3 Bf5 13. Nxd5 Nxd5 14. Bxd5 Nb4
15. Bxb7 Rb8 16. Qxd8 Rfxd8 17. Bf3 Nxc2 18. Bxa7 Nxa1 19. Rxa1 Rb4 20. g3 Ra4
21. Bc5 Be6 22. Bxe7 Rd3 23. Nc5 Rxf4 24. gxf4 Rxf3 25. Nxe6 fxe6 26. Rf1 Rd3
27. b4 Kf7 28. Bc5 Ra3 29. Rf2 g5 30. fxg5+ Kg6 31. Bd6 Kxg5 32. Rg2+ Kh6 33.
b5 Ra5 34. Rb2 Ra7 35. b6 Rb7 36. a4 Kg6 37. a5 Bh6 38. Kf2 1-0

[Event "Hilton Open 2010"]
[Site "Basel"]
[Date "2010.01.??"]
[Round "?"]
[White "Kamber, Adrian"]
[Black "Bogdanov, Oleksi"]
[Result "1-0"]
[WhiteElo "2006"]
[BlackElo "2280"]
[PlyCount "67"]
[EventDate "2010.01.02"]
[SourceDate "2009.12.28"]

1. d4 Nf6 2. Nf3 g6 3. h3 Bg7 4. Bf4 O-O 5. e3 d6 6. Be2 c6 7. O-O a6 8. Nbd2
Nbd7 9. Bh2 c5 10. c3 b6 11. e4 Bb7 12. Bd3 Ne8 13. Re1 b5 14. a4 Nc7 15. Qe2
cxd4 16. cxd4 bxa4 17. Rxa4 Bc6 18. Ra2 Bb5 19. Nc4 d5 20. Bxc7 Qxc7 21. exd5
Nf6 22. Ne3 Qb7 23. Ra5 Bxd3 24. Qxd3 Rfd8 25. Rea1 Rd6 26. Ne5 Rb6 27. N3c4
Rb3 28. Qd1 Rb4 29. Rc5 Nxd5 30. Na5 Qb6 31. Rxd5 e6 32. Rd7 Bxe5 33. dxe5 Rf4
34. Qd2 1-0

[Event "Hilton Open 2010"]
[Site "Basel"]
[Date "2010.01.??"]
[Round "?"]
[White "Kamber, Adrian"]
[Black "Ditzler, Juerg"]
[Result "1/2-1/2"]
[WhiteElo "2006"]
[BlackElo "2104"]
[PlyCount "103"]
[SourceDate "2009.12.28"]

1. d4 g6 2. Nf3 Bg7 3. Bf4 d6 4. e3 Nf6 5. h3 c5 6. Nbd2 cxd4 7. exd4 Nc6 8. c3
O-O 9. Bc4 e5 10. dxe5 dxe5 11. Bg5 h6 12. Bxf6 Qxf6 13. O-O Be6 14. Qe2 Bxc4
15. Qxc4 Rad8 16. Rad1 Qf5 17. Ne4 Nd4 18. cxd4 Qxe4 19. Rfe1 Qf4 20. Nxe5 Bxe5
21. Rxe5 Qxe5 22. dxe5 Rxd1+ 23. Kh2 Rd2 24. Qb4 Rxf2 25. Qxb7 Re8 26. a4 a5
27. b4 axb4 28. a5 Ra2 29. a6 b3 30. a7 b2 31. Qb5 Kf8 32. Qb3 Rxa7 33. Qxb2
Rae7 34. e6 Rxe6 35. Qh8+ Ke7 36. Qxh6 Rc8 37. Qh4+ Ke8 38. Qh8+ Kd7 39. Qd4+
Rd6 40. Qa7+ Rc7 41. Qa4+ Ke7 42. Qh4+ Rf6 43. Qb4+ Kd7 44. Qd4+ Rd6 45. Qa4+
Rcc6 46. Qa7+ Ke8 47. Qb8+ Ke7 48. Qb2 f6 49. Qb7+ Ke6 50. Qb3+ Rd5 51. Qe3+
Re5 52. Qb3+ 1/2-1/2

[Event "Hilton Open 2010"]
[Site "Basel"]
[Date "2010.01.??"]
[Round "?"]
[White "Seitz, Benjamin"]
[Black "Neuner, Johannes"]
[Result "1-0"]
[WhiteElo "1997"]
[BlackElo "1856"]
[PlyCount "39"]
[SourceDate "2009.12.28"]

1. d4 Nf6 2. Nf3 g6 3. c4 Bg7 4. Nc3 O-O 5. e4 d6 6. Be2 e5 7. d5 Na6 8. Be3
Nc5 9. Nd2 a5 10. b3 h5 11. f3 Nh7 12. a3 f5 13. b4 Nd7 14. c5 Ndf6 15. bxa5
fxe4 16. Ndxe4 Rxa5 17. cxd6 cxd6 18. O-O Bf5 19. Qb3 Nxe4 20. fxe4 1-0

[Event "Hilton Open 2010"]
[Site "Basel"]
[Date "2010.01.??"]
[Round "?"]
[White "Pfau, Michael"]
[Black "Curien, Nicolas"]
[Result "1-0"]
[WhiteElo "1993"]
[BlackElo "2248"]
[PlyCount "75"]
[EventDate "2010.01.02"]
[SourceDate "2009.12.28"]

1. e4 e6 2. Nf3 d5 3. Nc3 Nf6 4. e5 Nfd7 5. d4 c5 6. Bb5 Nc6 7. Be3 a6 8. Bxc6
bxc6 9. dxc5 Qc7 10. Bd4 Nxc5 11. Bxc5 Bxc5 12. O-O O-O 13. Qd2 Rb8 14. Na4 Ba7
15. b3 a5 16. Nb2 Ba6 17. Nd3 c5 18. Rfe1 c4 19. Nf4 Bc5 20. Nh5 Qe7 21. Qf4
Kh8 22. Qg3 Rg8 23. Rab1 Bb4 24. Red1 Rbc8 25. Nd4 f6 26. f4 Bc5 27. Kh1 cxb3
28. cxb3 Bxd4 29. Rxd4 Qc5 30. Qe3 Qc2 31. Rg1 Rc3 32. Qe1 f5 33. Rd2 Qe4 34.
Qh4 Qe3 35. Rf2 Bd3 36. Rf3 Qc5 37. Rg3 Qf8 38. Qh3 1-0

[Event "Hilton Open 2010"]
[Site "Basel"]
[Date "2010.01.??"]
[Round "?"]
[White "Paul, Mathias"]
[Black "Schultz, Raphael"]
[Result "0-1"]
[WhiteElo "1955"]
[BlackElo "2209"]
[PlyCount "56"]
[EventDate "2010.01.02"]
[SourceDate "2009.12.28"]

1. e4 d5 2. exd5 Qxd5 3. Nc3 Qd6 4. Bc4 Nf6 5. d3 c6 6. Qe2 Nbd7 7. Bd2 e6 8.
f4 Be7 9. O-O-O b5 10. Bb3 Nc5 11. Ne4 Nxb3+ 12. cxb3 Qd5 13. Nf3 b4 14. Nxf6+
gxf6 15. Qe4 Ba6 16. Be3 Rd8 17. Qxd5 Rxd5 18. Bxa7 Bxd3 19. Be3 Kd7 20. Kd2
Bf1+ 21. Nd4 Bxg2 22. Rhg1 Be4 23. Ke2 Ra8 24. Ra1 Rda5 25. Rad1 Bd6 26. Rg7
Ke7 27. Rc1 c5 28. Nf3 Bg6 0-1

[Event "Hilton Open 2010"]
[Site "Basel"]
[Date "2010.01.??"]
[Round "?"]
[White "Neuner, Johannes"]
[Black "Delahaye, Raphaelle"]
[Result "0-1"]
[WhiteElo "1856"]
[BlackElo "2183"]
[PlyCount "92"]
[EventDate "2010.01.02"]
[SourceDate "2009.12.28"]

1. e4 e6 2. d4 d5 3. Nd2 dxe4 4. Nxe4 Bd7 5. Nf3 Bc6 6. Bd3 Bxe4 7. Bxe4 c6 8.
O-O Nf6 9. Bd3 Bd6 10. Re1 Qc7 11. Bg5 Nbd7 12. Qe2 h6 13. Bd2 O-O 14. Ne5 c5
15. Nxd7 Nxd7 16. Qe4 Nf6 17. Qh4 c4 18. Be4 Nxe4 19. Rxe4 Be7 20. Qh5 Kh7 21.
Rae1 Rad8 22. Bf4 Bd6 23. Bd2 Be7 24. Rg4 Bf6 25. Re3 Rd5 26. Qh3 Rxd4 27. Rxd4
Bxd4 28. Ra3 Bxb2 29. Rxa7 Qb6 30. Ra4 Bd4 31. Rb4 Bxf2+ 32. Kf1 Qd4 33. Bc3
Qf4 34. Qf3 Qxf3 35. gxf3 Be3 36. Rxb7 Kg6 37. Rc7 Ra8 38. Rxc4 Rxa2 39. Ke2
Bg5 40. Kd3 Ra3 41. Ke2 e5 42. Bb2 Ra5 43. Rc8 Bf4 44. h3 Ra2 45. Rb8 Kg5 46.
Kd3 e4+ 0-1

[Event "Hilton Open 2010"]
[Site "Basel"]
[Date "2010.01.??"]
[Round "?"]
[White "Mueller, Louis"]
[Black "Schmidt, Ralf"]
[Result "1-0"]
[WhiteElo "1734"]
[BlackElo "2162"]
[PlyCount "67"]
[SourceDate "2009.12.28"]

1. e4 e6 2. f4 d5 3. e5 c5 4. Nf3 Qb6 5. c3 Nc6 6. g4 h5 7. g5 Nge7 8. Bd3 c4
9. Bc2 Nf5 10. Bxf5 exf5 11. d4 cxd3 12. Qxd3 Bc5 13. a3 a5 14. Qe2 Be6 15.
Nbd2 a4 16. Rb1 Na5 17. g6 fxg6 18. Ng5 Nc4 19. Nxc4 dxc4 20. Nxe6 Qxe6 21. Be3
Rc8 22. Rd1 Be7 23. Rd4 Kf7 24. h4 Rhd8 25. Kf2 Qc6 26. Rh3 b5 27. Qf3 Qxf3+
28. Kxf3 Rxd4 29. Bxd4 Rc6 30. Rh2 Ke6 31. Kg3 Kd5 32. Rd2 Ke4 33. Bf2 Rc7 34.
Rd4# 1-0

[Event "Hilton Open 2012"]
[Site "Basel"]
[Date "2012.01.01"]
[Round "1"]
[White "Garner, David"]
[Black "Bartel, Mateusz"]
[Result "0-1"]
[WhiteElo "2165"]
[BlackElo "2658"]
[PlyCount "68"]
[EventDate "2012.??.??"]
[EventRounds "7"]
[EventCountry "SUI"]
[SourceDate "2012.01.01"]

1. e4 e6 2. d4 d5 3. Nc3 Bb4 4. e5 c5 5. a3 Bxc3+ 6. bxc3 Qa5 7. Bd2 Ne7 8. Qg4
Kf8 9. h4 Qa4 10. Rc1 Nbc6 11. Nf3 b6 12. h5 h6 13. Rh3 Ba6 14. Bxa6 Qxa6 15.
Nh4 Qc4 16. Qf4 Ke8 17. Rf3 Kd7 18. Qg3 cxd4 19. Rxf7 dxc3 20. Be3 Raf8 21.
Rxg7 Kc8 22. Rd1 d4 23. Qg4 Rd8 24. Ng6 Nxg6 25. hxg6 b5 26. Bf4 b4 27. Rh7
Rhg8 28. Bxh6 b3 29. cxb3 Qd5 30. Be3 c2 31. Rd3 dxe3 32. Rxd5 c1=Q+ 33. Qd1
Qxd1+ 34. Rxd1 exf2+ 0-1

[Event "Hilton Open 2012"]
[Site "Basel"]
[Date "2012.01.01"]
[Round "1"]
[White "Turov, Maxim"]
[Black "Borda, Alan"]
[Result "1-0"]
[WhiteElo "2645"]
[BlackElo "2157"]
[PlyCount "65"]
[EventDate "2012.??.??"]
[EventRounds "7"]
[EventCountry "SUI"]
[SourceDate "2012.01.01"]

1. d4 d5 2. c4 e6 3. Nc3 c6 4. e3 Nf6 5. Nf3 Nbd7 6. Qc2 Be7 7. g4 g6 8. g5 Nh5
9. Bd2 a6 10. O-O-O dxc4 11. Bxc4 b5 12. Be2 Bb7 13. Ne4 Ng7 14. Nc5 Bc8 15. e4
O-O 16. h4 Qb6 17. Bb4 Re8 18. Nxd7 Bxd7 19. Bxe7 Rxe7 20. Ne5 Rc8 21. Qc5
Qxc5+ 22. dxc5 Rc7 23. Rd6 Bc8 24. Rhd1 Ne8 25. b4 Bb7 26. Rd8 Kg7 27. h5 h6
28. hxg6 f6 29. gxh6+ Kxh6 30. Rh1+ Kg5 31. Nf7+ Kxg6 32. Bh5+ Kg7 33. Nd6 1-0

[Event "Hilton Open 2012"]
[Site "Basel"]
[Date "2012.01.01"]
[Round "1"]
[White "Schmidt, Ralf"]
[Black "Fier, Alexandr"]
[Result "0-1"]
[WhiteElo "2156"]
[BlackElo "2603"]
[PlyCount "76"]
[EventDate "2012.??.??"]
[EventRounds "7"]
[EventCountry "SUI"]
[SourceDate "2012.01.01"]

1. f4 c5 2. Nf3 Nc6 3. e3 g6 4. d4 d5 5. c3 Nf6 6. Bd3 Bf5 7. Bxf5 gxf5 8. Nbd2
e6 9. O-O Qc7 10. Qe2 O-O-O 11. b3 Rg8 12. Bb2 cxd4 13. cxd4 Nd7 14. Ng5 Rg7
15. Rac1 Kb8 16. a3 Qb6 17. b4 a6 18. Nb1 Be7 19. Nf3 Rdg8 20. Rf2 h5 21. Nc3
h4 22. Na4 Qb5 23. Qc2 Nf6 24. Nc3 Qb6 25. Na4 Qd8 26. Ne5 Na7 27. Nc5 Bxc5 28.
dxc5 Ne4 29. c6 f6 30. Nd7+ Rxd7 31. cxd7 Nxf2 32. Qxf2 h3 33. g3 Qxd7 34. Bxf6
Qa4 35. Be5+ Ka8 36. Bb2 Qb3 37. Rc3 Qd1+ 38. Qf1 Rxg3+ 0-1

[Event "Hilton Open 2012"]
[Site "Basel"]
[Date "2012.01.01"]
[Round "1"]
[White "Pelletier, Yannick"]
[Black "Braeunlin, Klaus"]
[Result "1-0"]
[WhiteElo "2589"]
[BlackElo "2155"]
[PlyCount "67"]
[EventDate "2012.??.??"]
[EventRounds "7"]
[EventCountry "SUI"]
[SourceDate "2012.01.01"]

1. Nf3 Nf6 2. c4 e6 3. g3 d5 4. d4 Bb4+ 5. Bd2 Be7 6. Bg2 O-O 7. O-O b6 8. cxd5
exd5 9. Nc3 Ne4 10. Bf4 Nxc3 11. bxc3 Ba6 12. Nd2 c6 13. Re1 Bd6 14. Bxd6 Qxd6
15. e4 Nd7 16. e5 Qe6 17. f4 Rad8 18. Nf3 Rfe8 19. Qc2 Nf8 20. f5 Qc8 21. g4 c5
22. Qd2 Bc4 23. h4 b5 24. h5 a5 25. a3 Qc6 26. Nh4 Rb8 27. f6 Ne6 28. Nf5 Rb6
29. Nxg7 Kh8 30. Nxe8 Qxe8 31. dxc5 Nxc5 32. Bxd5 Nb3 33. Qg5 Qf8 34. Rad1 1-0

[Event "Hilton Open 2012"]
[Site "Basel"]
[Date "2012.01.01"]
[Round "1"]
[White "Toth, Ilona"]
[Black "Vorobiov, Evgeny E"]
[Result "0-1"]
[WhiteElo "2146"]
[BlackElo "2589"]
[PlyCount "86"]
[EventDate "2012.??.??"]
[EventRounds "7"]
[EventCountry "SUI"]
[SourceDate "2012.01.01"]

1. e4 c5 2. Nf3 e6 3. d4 cxd4 4. Nxd4 Nc6 5. Nc3 Qc7 6. g3 a6 7. Bg2 d6 8. O-O
Bd7 9. Nde2 b5 10. a3 Nf6 11. h3 Be7 12. f4 Rc8 13. g4 h6 14. Ng3 g6 15. Re1
Ng8 16. Be3 Bh4 17. Qf3 g5 18. Rf1 f6 19. Nh5 gxf4 20. Qxf4 Ne5 21. Bd4 Rh7 22.
Rad1 Ke7 23. Ng3 Bxg3 24. Qxg3 Rg7 25. Qh4 Rf8 26. Rd2 Be8 27. Rdf2 h5 28. gxh5
Rh7 29. Bxe5 dxe5 30. Bf3 Qc5 31. Kh2 Qe3 32. Bg4 Rg7 33. Rf3 Qg5 34. Qf2 Bd7
35. Qc5+ Ke8 36. Qd6 Nh6 37. Rg3 Rfg8 38. Nd5 Nxg4+ 39. Rxg4 Qd2+ 40. Kh1 exd5
41. Rxf6 Qd1+ 42. Kh2 Qxc2+ 43. Kh1 Qxe4+ 0-1

[Event "Hilton Open 2012"]
[Site "Basel"]
[Date "2012.01.01"]
[Round "1"]
[White "Ghaem Maghami, Ehsan"]
[Black "Heinis, Vincent"]
[Result "1-0"]
[WhiteElo "2570"]
[BlackElo "2146"]
[PlyCount "41"]
[EventDate "2012.??.??"]
[EventRounds "7"]
[EventCountry "SUI"]
[SourceDate "2012.01.01"]

1. c4 g6 2. d4 Nf6 3. g3 Bg7 4. Bg2 O-O 5. Nc3 d6 6. e3 e5 7. Nge2 exd4 8. Nxd4
c6 9. O-O a5 10. e4 Nbd7 11. h3 Re8 12. Re1 Qb6 13. Nc2 Nc5 14. Be3 Qa6 15. e5
Rxe5 16. Bxc5 Rxe1+ 17. Nxe1 dxc5 18. Qd8+ Bf8 19. Qxf6 Qxc4 20. Nc2 Be6 21.
Bf1 1-0

[Event "Hilton Open 2012"]
[Site "Basel"]
[Date "2012.01.01"]
[Round "1"]
[White "Dunn, Alan"]
[Black "Nikolov, Momchil"]
[Result "1/2-1/2"]
[WhiteElo "2135"]
[BlackElo "2560"]
[PlyCount "49"]
[EventDate "2012.??.??"]
[EventRounds "7"]
[EventCountry "SUI"]
[SourceDate "2012.01.01"]

1. e4 c5 2. Nf3 e6 3. d4 cxd4 4. Nxd4 a6 5. a3 Nf6 6. Nc3 Qc7 7. Bd3 b5 8. O-O
Bb7 9. Kh1 d6 10. f4 Nbd7 11. Qe1 Be7 12. Nb3 O-O 13. Rf3 Rfe8 14. Rh3 e5 15.
Qg3 Rac8 16. f5 Bf8 17. Bg5 d5 18. Nd2 d4 19. Nd1 Qc6 20. Nf2 Nc5 21. Bxf6 Nxd3
22. Ng4 Nf4 23. Nh6+ Kh8 24. Nxf7+ Kg8 25. Nh6+ 1/2-1/2

[Event "Hilton Open 2012"]
[Site "Basel"]
[Date "2012.01.01"]
[Round "1"]
[White "Hera, Imre Jr"]
[Black "Terraz, Christian"]
[Result "1-0"]
[WhiteElo "2558"]
[BlackElo "2130"]
[PlyCount "67"]
[EventDate "2012.??.??"]
[EventRounds "7"]
[EventCountry "SUI"]
[SourceDate "2012.01.01"]

1. d4 Nf6 2. c4 g6 3. g3 Bg7 4. Bg2 O-O 5. Nc3 c6 6. e4 d6 7. Nge2 e5 8. O-O
Nbd7 9. h3 Re8 10. Be3 exd4 11. Bxd4 Qc7 12. g4 Nf8 13. f4 Ne6 14. Be3 b6 15.
f5 Nc5 16. Bd4 Nfd7 17. Bxg7 Kxg7 18. b4 Nb7 19. b5 cxb5 20. Nd5 Qd8 21. Qd2
Re5 22. Nd4 Na5 23. Nxb5 Bb7 24. f6+ Kh8 25. Nxd6 Bxd5 26. cxd5 Qf8 27. Qh6
Qxh6 28. Nxf7+ Kg8 29. Nxh6+ Kf8 30. h4 Nc5 31. g5 Nxe4 32. Ng4 Ree8 33. f7 Re7
34. d6 1-0

[Event "Hilton Open 2012"]
[Site "Basel"]
[Date "2012.01.01"]
[Round "1"]
[White "Seitz, Benjamin"]
[Black "Prohaszka, Peter"]
[Result "0-1"]
[WhiteElo "2128"]
[BlackElo "2547"]
[PlyCount "62"]
[EventDate "2012.??.??"]
[EventRounds "7"]
[EventCountry "SUI"]
[SourceDate "2012.01.01"]

1. d4 Nf6 2. c4 e6 3. Nc3 Bb4 4. a3 Bxc3+ 5. bxc3 Ne4 6. Qc2 f5 7. e3 b6 8. Bd3
Bb7 9. Nf3 O-O 10. O-O Rf6 11. Bxe4 Bxe4 12. Qe2 Rh6 13. Rd1 Nc6 14. Ra2 Na5
15. Nd2 Qh4 16. Nf1 Bb7 17. e4 Rg6 18. d5 Qxe4 19. Qxe4 fxe4 20. dxe6 d6 21. c5
bxc5 22. Bf4 Nc4 23. Rb1 Ba6 24. Ne3 Nxe3 25. fxe3 Rxe6 26. Rab2 Ree8 27. Rf2
Rab8 28. Rfb2 Rb6 29. h4 Bd3 30. Rxb6 axb6 31. Rb2 Ra8 0-1

[Event "Hilton Open 2012"]
[Site "Basel"]
[Date "2012.01.01"]
[Round "1"]
[White "Cherniaev, Alexander"]
[Black "Arounopoulos, Stephan"]
[Result "1-0"]
[WhiteElo "2469"]
[BlackElo "2116"]
[PlyCount "55"]
[EventDate "2012.??.??"]
[EventRounds "7"]
[EventCountry "SUI"]
[SourceDate "2012.01.01"]

1. e4 e6 2. c3 d5 3. e5 c5 4. f4 Nc6 5. Nf3 Bd7 6. Na3 f6 7. d4 cxd4 8. cxd4
Bxa3 9. bxa3 Qa5+ 10. Kf2 Nh6 11. Rb1 Qc7 12. Bd3 Rc8 13. Re1 O-O 14. Kg1 fxe5
15. dxe5 Na5 16. h3 Qc5+ 17. Kh2 g6 18. Bd2 Nc6 19. Rxb7 Qxa3 20. Bxg6 hxg6 21.
Rxd7 Nf5 22. Rg1 Ncd4 23. Nxd4 Qg3+ 24. Kh1 Nxd4 25. Rxa7 Ra8 26. Rxa8 Rxa8 27.
Bc1 Nf5 28. Qc2 1-0

[Event "Hilton Open 2012"]
[Site "Basel"]
[Date "2012.01.01"]
[Round "1"]
[White "Berset, Philippe"]
[Black "Skembris, Spyridon"]
[Result "0-1"]
[WhiteElo "2109"]
[BlackElo "2463"]
[PlyCount "34"]
[EventDate "2012.??.??"]
[EventRounds "7"]
[EventCountry "SUI"]
[SourceDate "2012.01.01"]

1. e4 c5 2. Nf3 Nc6 3. Bb5 g6 4. Bxc6 dxc6 5. d3 Bg7 6. h3 Nf6 7. Nc3 Nd7 8.
Be3 e5 9. Qd2 Qe7 10. a3 Nf8 11. Bh6 Bxh6 12. Qxh6 f6 13. Nd2 Ne6 14. Ne2 Rg8
15. f4 exf4 16. Nxf4 Nd4 17. Rc1 Nf5 0-1

[Event "Hilton Open 2012"]
[Site "Basel"]
[Date "2012.01.01"]
[Round "1"]
[White "Heimann, Andreas"]
[Black "Klamp, Christoph"]
[Result "1-0"]
[WhiteElo "2459"]
[BlackElo "2106"]
[PlyCount "73"]
[EventDate "2012.??.??"]
[EventRounds "7"]
[EventCountry "SUI"]
[SourceDate "2012.01.01"]

1. e4 c5 2. Nf3 d6 3. d4 cxd4 4. Nxd4 Nf6 5. Nc3 a6 6. Bg5 e6 7. f4 Qb6 8. Qd3
Nc6 9. O-O-O Qxd4 10. Qxd4 Nxd4 11. Rxd4 Bd7 12. e5 dxe5 13. fxe5 Ng8 14. Ne4
Bc6 15. Bd3 Be7 16. Bxe7 Kxe7 17. Nd6 Nh6 18. Rf1 f6 19. exf6+ gxf6 20. Rh4 Nf7
21. Nxf7 Kxf7 22. Rh6 f5 23. g4 Bd7 24. gxf5 exf5 25. Bxf5 Bxf5 26. Rxf5+ Kg7
27. Rb6 Rab8 28. Rc5 Rhf8 29. Rc7+ Rf7 30. Rxf7+ Kxf7 31. a4 Ke7 32. a5 Kf7 33.
b4 Kg8 34. Kb2 Kh8 35. Kb3 Kg8 36. b5 axb5 37. a6 1-0

[Event "Hilton Open 2012"]
[Site "Basel"]
[Date "2012.01.01"]
[Round "1"]
[White "Eidinger, Helmut"]
[Black "Cebalo, Miso"]
[Result "1/2-1/2"]
[WhiteElo "2104"]
[BlackElo "2444"]
[PlyCount "53"]
[EventDate "2012.??.??"]
[EventRounds "7"]
[EventCountry "SUI"]
[SourceDate "2012.01.01"]

1. e4 c5 2. Nf3 d6 3. d4 cxd4 4. Nxd4 Nf6 5. Nc3 g6 6. Be3 Bg7 7. f3 O-O 8. Bc4
Nc6 9. Qd2 Bd7 10. Bb3 Na5 11. g4 Rb8 12. h4 b5 13. h5 Nc4 14. Bxc4 bxc4 15.
Bh6 Qa5 16. Bxg7 Kxg7 17. hxg6 fxg6 18. O-O-O Rf7 19. Kb1 Qb4 20. b3 cxb3 21.
cxb3 a5 22. e5 dxe5 23. Nc2 Qb7 24. g5 Bf5 25. gxf6+ exf6 26. Kb2 h5 27. Qd5
1/2-1/2

[Event "Hilton Open 2012"]
[Site "Basel"]
[Date "2012.01.01"]
[Round "1"]
[White "Vorotnikov, Vladislav V"]
[Black "Gass, Ulrich"]
[Result "1-0"]
[WhiteElo "2440"]
[BlackElo "2101"]
[PlyCount "49"]
[EventDate "2012.??.??"]
[EventRounds "7"]
[EventCountry "SUI"]
[SourceDate "2012.01.01"]

1. d4 Nf6 2. Nf3 c5 3. e3 g6 4. Nbd2 d6 5. b3 cxd4 6. exd4 Qa5 7. Bd3 Nc6 8.
O-O Bg4 9. h3 Bxf3 10. Nxf3 Bg7 11. Bb2 O-O 12. c4 d5 13. c5 e5 14. Nxe5 Nxe5
15. dxe5 Nd7 16. f4 Qxc5+ 17. Kh1 Rac8 18. Qf3 Rc6 19. a4 Re8 20. Bb5 a6 21.
Ba3 Qb6 22. Bxc6 bxc6 23. Bd6 Bf8 24. f5 Bxd6 25. fxg6 1-0